000 00332cam a2200145ua 4500
041 _amal
_h
082 _a894.812301
_bKUN/MI
100 _aKunhiraman nair, V P .
245 _aMittayikal /
_cV P Kunhiraman nair.
_hTextual Documents
250 _a1 /
_b.
300 _a38 ; .
504 _a
942 _cBK
999 _c11583
_d11583